000 00277 a2200109 4500
001 54988
090 _c34083
_d34083
100 _aCconnor, Kevin M.
245 _aCalculus Labs for MATLAB
_cconnor Kevin M.
260 _aLondon
_bJones And Barlett Pub, London
_c2005
300 _avii, 121 p
942 _aNUST-CAE
999 _c290061
_d290061